The three streams / (Record no. 19377)

MARC details
000 -LEADER
fixed length control field 00797cam a22002418a 4500
005 - DATE AND TIME OF LATEST TRANSACTION
control field 20080916184717.0
008 - FIXED-LENGTH DATA ELEMENTS--GENERAL INFORMATION
fixed length control field 080911s2008 ii 001 0 eng
010 ## - LCCN (DPL NO)
LC control number ENG-91962
020 ## - INTERNATIONAL STANDARD BOOK NUMBER
International Standard Book Number 9788174875921
Terms of availability 350.00
020 ## - INTERNATIONAL STANDARD BOOK NUMBER
International Standard Book Number 8174875921
Terms of availability 350.00
035 ## - SYSTEM CONTROL NUMBER
System control number EN-75495
037 ## - SOURCE OF ACQUISITION
Source of stock number/acquisition DBAD / PUB
040 ## - CATALOGING SOURCE
Original cataloging agency dpl
Language of cataloging English
082 ## - DEWEY DECIMAL CLASSIFICATION NUMBER
Classification number N
100 ## - MAIN ENTRY--PERSONAL NAME
Personal name Saxena, S.P.
245 ## - TITLE STATEMENT
Title The three streams /
Statement of responsibility, etc by S.P. Saxena
260 ## - PUBLICATION, DISTRIBUTION, ETC. (IMPRINT)
Place of publication, distribution, etc New Delhi
Name of publisher, distributor, etc Radha Publications
Date of publication, distribution, etc 2008
270 ## - ADDRESS
Address 4231/1, Ansari Road, Daryaganj,
City New Delhi
Postal code 110002
300 ## - PHYSICAL DESCRIPTION
Extent 174p.
Dimensions 22cm (Hb)
650 ## - SUBJECT ADDED ENTRY--TOPICAL TERM
Topical term or geographic name as entry element English fiction.
942 ## - ADDED ENTRY ELEMENTS (KOHA)
Source of classification or shelving scheme Dewey Decimal Classification
Item type English Books
Call number suffix SAX
Classification part N
Holdings
Withdrawn status Lost status Source of classification or shelving scheme Damaged status Not for loan Collection code Home library Current library Date acquired Source of acquisition Cost, normal purchase price Total Checkouts Full call number Barcode Date last seen Copy number Cost, replacement price Koha item type
    Dewey Decimal Classification   Not For Loan Non-fiction D.B.Act.Division D.B.Act.Division 02/12/2008 DBAD / PUB 350.00   N SAX EN-75495 02/12/2008 1 350.00 English Books

© Delhi Public Library
Hit Counter
free hit counter